000 00429nam a2200181Ia 4500
005 20250923144251.0
008 008 250917s9999 xx 000 0 eng d
037 _aTextual
040 _aDSWL
_beng
_cDSWL
041 _aeng
_2eng
084 _qDSWL
100 _aSmuts, J.C
_9823030
245 0 _aFreedom
_cby J.C Smuts
260 _c1934
300 _a36 p.
942 _cTEXL
999 _c1436795
_d1436795